Top 20 du Tour de Romandie 2026 - Statistiques

Statistiques générales
  • Ce quiz a été pris 16 fois
  • Le résultat moyen est 8 sur 20
Statistiques - réponses
Réponse Pays % Correct
1er Tadej Pogacar Slovenie
100%
2e Florian Lipowitz Allemagne
87%
3e Lenny Martinez France
87%
4e Jorgen Nordhagen Norvege
60%
16e Jefferson Alexander Cepeda Equateur
53%
7e Jefferson Alveiro Cepeda Equateur
53%
18e Primoz Roglic Slovénie
53%
8e Albert Withen Philipsen Danemark
40%
5e Luke Plapp Australie
40%
13e Yannis Voisard Suisse
40%
12e Carlos Rodriguez Espagne
27%
19e Cristian Rodriguez Espagne
27%
9e Lorenzo Fortunato Italie
20%
15e Pablo Castrillo Espagne
20%
11e Sergio Higuita Colombie
20%
14e George Bennett Nouvelle-Zélande
13%
10e Junior Lecerf Belgique
13%
6e Luke Tuckwell Australie
13%
20e Anton Schiffer Allemagne
0%
17e Michael Leonard Canada
0%
Aucun quiz correspondant
Distribution des résultats
% des personnes avec chaque résultat
Percentile par nombre de réponses
Votre historique - résultats
Vous n’avez pas pris ce quiz